000 00582nam a22001337a 4500
040 _cRUA
082 _aAGR HEN 2011 B049 Or.1
100 _aHeN, SITH.
245 _aUtilization of different times of nitrogen fertilizer on water spinach, ការប្រើប្រាស់ជីអាសូតក្នុុងរយៈពេលលខុសគ្នាលើដំណាំត្រកួន
260 _aPhen Penh
_bRUA
_c2011
300 _avii; 34p.
_bill.
_c29cm.
856 _uhttps://drive.google.com/file/d/1CwNvkv7WOalwHZvxkKt-s7u8C1-9kP97/view?usp=sharing
942 _cAGR
999 _c1293
_d1293